|
|
|
|
| LEADER |
00000nas a22000007a 4500 |
| 001 |
ssj0027777 |
| 003 |
WaSeSS |
| 005 |
20200512172242.0 |
| 006 |
m d |
| 007 |
cr n |
| 008 |
010612d20002013oncfr p s 0 a0eng |
| 010 |
|
|
|a cn2001300673
|
| 015 |
|
|
|a 20013006738
|2 can
|
| 016 |
|
|
|a (AMICUS)000025306531
|
| 016 |
|
|
|a 20013006738
|
| 022 |
|
|
|y 1498-2625
|
| 035 |
|
|
|a (WaSeSS)ssj0027777
|
| 040 |
|
|
|a NLC
|b eng
|c NLC
|d AU@
|d OCLCF
|d U3G
|d WaSeSS
|
| 042 |
|
|
|a nlc
|a isds/c
|
| 055 |
0 |
1 |
|a RJ61
|
| 082 |
1 |
|
|a 649
|2 13
|
| 084 |
|
|
|a cci1icc
|2 lacc
|
| 210 |
0 |
|
|a Today's parent baby toddler
|
| 222 |
|
0 |
|a Today's parent, baby & toddler
|
| 245 |
0 |
0 |
|a Today's parent, baby & toddler
|h [electronic resource].
|
| 260 |
|
|
|a Toronto :
|b Today's Parent Group,
|c 2000-[2013?]
|
| 310 |
|
|
|a Semiannual
|
| 362 |
0 |
|
|a Spring/summer 2000-
|
| 362 |
1 |
|
|a Ceased with v. 13, no. 2 (fall/winter 2013)?
|
| 500 |
|
|
|a Title from cover.
|
| 506 |
|
|
|a License restrictions may limit access.
|
| 650 |
|
0 |
|a Parenting
|v Periodicals.
|
| 650 |
|
0 |
|a Child rearing
|v Periodicals.
|
| 650 |
|
0 |
|a Parent and child
|v Periodicals.
|
| 650 |
|
7 |
|a Child rearing.
|2 fast
|0 (OCoLC)fst00854588
|
| 650 |
|
7 |
|a Parent and child.
|2 fast
|0 (OCoLC)fst01053308
|
| 650 |
|
7 |
|a Parenting.
|2 fast
|0 (OCoLC)fst01053407
|
| 655 |
|
0 |
|a Electronic journals.
|
| 775 |
0 |
|
|t Mon enfant (Toronto, Ont.)
|d [Toronto : Mère nouvelle Chatelaine = Chatelaine New Mother, 1991]-2009.
|e fre
|f onc
|x 1188-2379
|w (CaOONL) 92031709X
|w (DLC)cn 92031709
|w (OCoLC)26245073
|
| 780 |
0 |
0 |
|t Your baby (Toronto, Ont.)
|d [Toronto : Chatelaine's New Mother = Mère nouvelle Chatelaine, 1991-1999?]
|x 1188-2360
|w (CaOONL)920317081
|w (OCoLC)26245070
|w (DLC)cn 92031708
|
| 856 |
4 |
0 |
|z Full text available from Research Library: 09/01/2003 to 04/30/2005
|u https://search.proquest.com/publication/29244
|